| 000 | 02462nam a22004095i 4500 | ||
|---|---|---|---|
| 001 | 22230033 | ||
| 005 | 20241101162123.0 | ||
| 008 | 210913s2021 cau 000 0 eng | ||
| 010 | _a 2021947037 | ||
| 020 |
_a9780323857185 _q(hardback) |
||
| 020 |
_z9780323910538 _q(epub) |
||
| 040 |
_aDLC _beng _erda _cDLC |
||
| 042 | _apcc | ||
| 082 |
_a612.015 _bLIT |
||
| 100 | 1 |
_aLitwack, Gerald, _eauthor. _9126711 |
|
| 245 | 0 | 0 |
_aHuman biochemistry / _cGerald Litwack, Ph.D., Los Angeles, CA, United States. |
| 250 | _aSecond edition. | ||
| 263 | _a2111 | ||
| 264 | 1 |
_aSan Diego, CA, United States : _bElsevier, _c2022. |
|
| 300 |
_axvii, 863 pages : _billustrations (some color) ; _c29 cm |
||
| 336 |
_atext _btxt _2rdacontent |
||
| 337 |
_aunmediated _bn _2rdamedia |
||
| 338 |
_avolume _bnc _2rdacarrier |
||
| 504 | _aIncludes bibliographical references and index. | ||
| 505 | 0 | _aOrgan systems and tissues -- The cell -- Water, pH, buffers, general features of receptors, channels and pumps -- Proteins -- Enzymes -- Insulin and sugars -- Glycogen and glycogenolysis -- Glycolysis and gluconeogensis -- Lipids -- Nucleic acids and molecular genetics -- Protein biosynthesis -- Transcription -- Metabolism of amino acids -- Metabolism of fat, carbohydrate and nucleic acids -- Polypeptide hormones -- Steroid hormones -- Growth factors and cytokines -- Membrane transport -- Micronutrients (metals and iodine) -- Vitamins and nutrition -- Blood and lymphatic system. | |
| 520 |
_a"Presents an update on a past edition winner of the 2018 Most Promising New Textbook (College) Award (Texty) from the Textbook and Academic Authors Association and the PROSE Award of the Association of American Publishers Provides a fully updated resource on current research in human and medical biochemistry Includes clinical case studies, applications, chapter summaries and review-based questions Adopts a practice-based approach, reflecting the needs of both researchers and clinically oriented readers"-- _cProvided by publisher. |
||
| 650 | 0 |
_aClinical biochemistry. _93417 |
|
| 650 | 1 | 2 |
_aBiochemical Phenomena. _913936 |
| 650 | 2 | 2 |
_aBiological Phenomena. _9126712 |
| 650 | 2 | 2 |
_aMetabolism. _913934 |
| 650 | 2 | 2 | _aClinical Medicine. |
| 650 | 7 |
_aClinical biochemistry. _93417 |
|
| 906 |
_a0 _bibc _corignew _d2 _eepcn _f20 _gy-gencatlg |
||
| 942 |
_2ddc _cBK |
||
| 999 |
_c612237 _d612237 |
||